000 00221nam a22000857a 4500
008 160718b xxu||||| |||| 00| 0 eng d
100 _93019
_a Gupta, V
245 _aThe Bicycle Story
260 _aNew Delhi
_bVigyand Prasar
_c2001
999 _c2582
_d2582